00589nam a2200157 4500999001900000008004100019100002900060245008500089260000900174300001500183700002800198773006200226906002300288942001200311952010800323 c510070d510070190723b ||||| |||| 00| 0 eng d aAcharya, Sopnmayee97241 aImpact of demographic factors on consumer buying behavior towards green products c2019 ap.171-177. aNandedker, Tarika97242 aPrestige International Journal of Management and Research aConsumer behaviour 2ddccAR 00102ddc40709384019aIIPAbIIPAd2019-07-23h11(2), Feb, 2019: p.171-177.pAR120429r2019-07-23yAR